000 00752nam a2200241 a 4500
001 12893
003 BD-JhCC
005 20230601093929.0
008 230601s20232022bg |||| |||| 000 0 ban d
020 _a9789849683438
035 _a(BD-JhCC)12893
040 _aBD-JhCC
_dBD-JhCC
041 _aban
082 _a891.443
_bHOS 2023
100 _aহোসাইন, সাদাত
245 _aসত্যটা মিথ্যা /
_cসাদাত হোসাইন
260 _aঢাকা :
_bঅন্যধারা,
_c২০২৩
300 _a১৭৪ পৃ. :
_c২২ সেমি.
490 _aরেজা সিরিজ
650 _aBengla Novel
650 _aবাংলা উপন্যাস
942 _2ddc
_cBK
_01
999 _c12893
_d12893